Loading...
| Science - Biology | 2 | 7 | 1 | 0 | 95 | 63 | 86.67 | 9 | 9 | 0.00 | 0.00 |
| Science - Chemistry | 4 | 4 | 1 | 0 | 95 | 48 | 75.50 | 8 | 8 | 0.00 | 0.00 |
| Science - Other | 1 | 7 | 2 | 1 | 75 | 59 | 107.00 | 2 | 8 | 0.00 | 0.00 |
| Science - Physics | 1 | 6 | 1 | 0 | 70 | 51 | 108.00 | 5 | 7 | 0.00 | 0.00 |
| Literature - American | 1 | 5 | 0 | 0 | 65 | 83 | 125.50 | 0 | 6 | 0.00 | 0.00 |
| Fine Arts - Other | 0 | 6 | 0 | 1 | 60 | 115 | 135.67 | 4 | 6 | 0.00 | 0.00 |
| Literature - British | 0 | 5 | 0 | 0 | 50 | 110 | 122.40 | 0 | 5 | 0.00 | 0.00 |
| Literature - World | 0 | 5 | 0 | 1 | 50 | 90 | 136.20 | 0 | 5 | 0.00 | 0.00 |
| Social Science | 0 | 4 | 1 | 1 | 35 | 100 | 117.50 | 1 | 4 | 0.00 | 0.00 |
| Geography | 0 | 4 | 2 | 2 | 30 | 77 | 127.75 | 0 | 4 | 0.00 | 0.00 |
| Mythology | 0 | 3 | 0 | 0 | 30 | 84 | 113.00 | 2 | 3 | 0.00 | 0.00 |
| Religion | 0 | 3 | 1 | 0 | 25 | 85 | 115.67 | 2 | 3 | 0.00 | 0.00 |
| Other Academic | 0 | 2 | 0 | 1 | 20 | 89 | 112.00 | 0 | 2 | 0.00 | 0.00 |
| History - Ancient/Other | 0 | 2 | 0 | 1 | 20 | 147 | 148.00 | 0 | 2 | 0.00 | 0.00 |
| Philosophy | 0 | 2 | 0 | 0 | 20 | 122 | 133.50 | 0 | 2 | 0.00 | 0.00 |
| Literature - European | 0 | 2 | 1 | 0 | 15 | 142 | 152.00 | 0 | 2 | 0.00 | 0.00 |
| Fine Arts - Visual | 0 | 2 | 1 | 0 | 15 | 107 | 129.50 | 1 | 2 | 0.00 | 0.00 |
| History - World | 0 | 2 | 1 | 1 | 15 | 87 | 113.50 | 0 | 2 | 0.00 | 0.00 |
| Current Events | 0 | 2 | 1 | 0 | 15 | 79 | 84.50 | 1 | 2 | 0.00 | 0.00 |
| History - European | 0 | 1 | 1 | 0 | 5 | 92 | 92.00 | 0 | 1 | 0.00 | 0.00 |
| History - American | 0 | 1 | 1 | 0 | 5 | 104 | 104.00 | 0 | 1 | 0.00 | 0.00 |
| Fine Arts - Auditory | 0 | 1 | 2 | 0 | 0 | 142 | 142.00 | 0 | 1 | 0.00 | 0.00 |